Se comprendre en Europe: un modèle de formation continue européenne

Bewaard in:
Bibliografische gegevens
Hoofdauteur: Mahy, Nicole (autora)
Formaat: Boek
Taal:Frans
Gepubliceerd in: Bruselas Comisión Europea 2000
Onderwerpen:
Tags: Voeg label toe
Geen labels, Wees de eerste die dit record labelt!

MARC

LEADER 00000nam a2200000 a 4500
001 UCN7869
003 CL-VaPUC
008 011026e20000000be |||||||||||||||||fre|d
082 0 4 |a 370.116  |b MAH  |2 21 
100 |a Mahy, Nicole  |e autora  |9 464059 
245 1 0 |a Se comprendre en Europe: un modèle de formation continue européenne 
300 |a 142 p 
942 |c BK 
945 |d 20011026 00:00:00  |a cmena 
260 |a Bruselas  |b Comisión Europea  |c 2000 
650 7 |a FORMACION CONTINUA  |2 CL-VaPUC  |9 464060 
650 7 |a EDUCACION COMPARADA  |2 CL-VaPUC  |9 307694 
650 7 |a INTERCAMBIO ESTUDIANTIL  |2 CL-VaPUC  |9 464061 
650 7 |a SISTEMAS EDUCACIONALES EUROPEOS  |2 CL-VaPUC  |9 464062 
650 7 |a INTERCAMBIO CULTURAL  |2 CL-VaPUC  |9 464063 
650 0 |a Métodos de enseñanza  |9 270413 
583 |a last modification  |c 20171005 02:33:45  |k Rodrigo Vera 
999 |c 298061  |d 298059 
952 |0 0  |1 0  |4 0  |6 370_116000000000000_MAH_2000  |7 0  |8 A  |9 353394  |a BIBHIS  |b BIBHIS  |d 2019-11-21  |i 3765350  |o 370.116 MAH 2000  |p 3765350  |r 2025-01-20  |w 2019-11-21  |y BK  |k HIS